| 000 | 00399nam a22001217a 4500 | ||
|---|---|---|---|
| 999 |
_c10066 _d10066 |
||
| 003 | OSt | ||
| 008 | 201218b ||||| |||| 00| 0 eng d | ||
| 245 | _aNational Journal of Technology | ||
| 250 | _a2013(Jun Vol.9 No.2, Sep Vol.9 No.3, Dec Vol.9 No.4) | ||
| 260 |
_aCoimbatore, Tamil Nadu _bPSG College of Technology and Polytechnic College |
||
| 650 | _aComputer Science Engineering | ||
| 942 |
_2ddc _cBV |
||